| 000 | 01045nam a2200301Ia 4500 | ||
|---|---|---|---|
| 001 | Z_6337 | ||
| 003 | CHAP | ||
| 005 | 20230321143327.0 | ||
| 008 | 220113ns.f. ck aod f 001 0 und d | ||
| 010 | _a169592 | ||
| 020 | _a978-958-736-016-5 | ||
| 040 |
_aZ _cCHAP |
||
| 082 | _a636.0824 I53 | ||
| 245 | 0 | 0 |
_aInseminación y transferencia de embriones en animales de granja / _ceditores Felipe Durán Ramírez y Edwin Zambrano Pineda; revición técnica Daniel Felipe Latorre |
| 260 |
_aColombia : _bGrupo Latino Ediotres, _c[s. f.] |
||
| 300 |
_a521 páginas : _bilustraciones, fotografías, gráficas, tablas _e+ 1 CD |
||
| 500 | _aIlustraciones y fotografías: Banco de imágenes Grupo Latino Editores | ||
| 503 | _aej.1: 262213 | ||
| 504 | _aBibliografía: página 511 | ||
| 700 | _aDurán Ramírez, Felipe, ed. | ||
| 700 |
_a Zambrano Pineda, Edwin, ed. _9144483 |
||
| 700 |
_a Latorre, Daniel Felipe, rev. _9144485 |
||
| 901 | _a636.0824 I53 | ||
| 902 | _aM | ||
| 910 | _a[s. | ||
| 942 |
_cLIBRO _2ddc |
||
| 942 | _2ddc | ||
| 999 |
_c169592 _d169592 |
||